|
|
|
|
| LEADER |
00000nam0a2200000 4500 |
| 001 |
15111 |
| 005 |
20231030190025.0 |
| 010 |
|
|
|a 585504009
|
| 035 |
|
|
|a (RuTPU)RU\TPU\book\15215
|
| 035 |
|
|
|a BOOK00015285
|
| 090 |
|
|
|a 15111
|
| 100 |
|
|
|a 20011209d1999 k y0rusy50 ca
|
| 101 |
0 |
|
|a rus
|
| 102 |
|
|
|a RU
|
| 105 |
|
|
|a y z 100zy
|
| 200 |
1 |
|
|a Современные проблемы ядерной физики, физики и химии конденсированных сред
|e Труды 1-й Московской Международной Школы физики ИТЭФ, г. Звенигород Московской обл., 17-26 февраля 1998 г.
|f под ред. Ю. Г. Абова, А. Л. Суворова, В. Г. Фирсова
|
| 210 |
|
|
|a Москва
|c Редакция журнала "Успехи физических наук"
|d 1999
|
| 215 |
|
|
|a 256 с.
|
| 610 |
1 |
|
|a ядерная физика
|
| 610 |
1 |
|
|a физика
|
| 610 |
1 |
|
|a конденсированные среды
|
| 610 |
1 |
|
|a химия
|
| 610 |
1 |
|
|a школы
|
| 675 |
|
|
|a 539.1
|v 3
|
| 675 |
|
|
|a 53
|v 3
|
| 675 |
|
|
|a 538.9
|v 3
|
| 702 |
|
1 |
|a Абов
|b Ю. Г.
|4 340
|
| 702 |
|
1 |
|a Суворов
|b А. Л.
|4 340
|
| 702 |
|
1 |
|a Фирсов
|b В. Г.
|4 340
|
| 801 |
|
0 |
|a RU
|b 63413507
|c 20011209
|g PSBO
|
| 801 |
|
2 |
|a RU
|b 63413507
|c 20060629
|g PSBO
|
| 942 |
|
|
|c BK
|